000 00375nam a2200121 4500
008 180217b xxu||||| |||| 00| 0 eng d
100 _926598
_aOng, Ghio
245 _aPhilhealth hikes benefit for children with acute lymphocytic leukemia/
_cGhio Ong
260 _aPhilippines
_bThe Philippine Star
_cc2016
300 _apage 18.
650 0 _926599
_aDiseases.
942 _2ddc
_cPER
999 _c8711
_d8711